| 000 | 00839cam a22002655a 4500 | ||
|---|---|---|---|
| 001 | 016786162 | ||
| 003 | OSt | ||
| 005 | 20201128023642.0 | ||
| 008 | 150528t2015 enka frbd 001 0 eng d | ||
| 020 | _a9781292058849 (paperback) | ||
| 020 | _a1292058846 (paperback) | ||
| 040 |
_aStDuBDS _beng _cStDuBDS _dEG-ScBUE |
||
| 082 | 0 | 4 |
_222 _a150 _bPSY |
| 245 | 0 | 0 |
_aPsychology : _bfrom inquiry to understanding / _cScott O. Lilienfeld ... [et al.] |
| 250 | _a3rd ed., Global ed. | ||
| 260 |
_aHarlow : _bPearson Education Limited, _cc.2015. |
||
| 300 |
_a(various pagings) : _bill. ; _c28 cm. |
||
| 500 | _aIncludes glossary. | ||
| 504 | _aIncludes bibliographical references and index. | ||
| 650 | 7 |
_aPsychology. _2BUEsh _9890 |
|
| 651 | _2BUEsh | ||
| 653 |
_bNNUR _cFebruary2016 |
||
| 700 | 1 |
_aLilienfeld, Scott O., _d1960- |
|
| 942 | _2ddc | ||
| 999 |
_c21217 _d21189 |
||